000 00566nam a2200229Ia 4500
005 20260320201409.0
008 008 262003s9999 xx 000 0 eng d
037 _aEBOOK
040 _aCRL
040 _beng
040 _cCRL
041 _2eng
041 _aeng
084 _qCRL
100 _aRosner
_9897929
245 0 _aCritical Fabulations: Reworking the Methods and Margins of Design
260 _bIEEE
856 _uhttps://ieeexplore.ieee.org/servlet/opac?bknumber=8555178
942 _cEBOOK
999 _c1720994
_d1720994